[Event "Druga liga CS - zapad 2014"]
[Site "Sabac"]
[Date "2014.09.26"]
[Round "2.1"]
[White "Misailovic, Nebojsa"]
[Black "Colovic, Dusan"]
[Result "1/2-1/2"]
[WhiteElo "2309"]
[BlackElo "2364"]
[PlyCount "51"]
[EventDate "2014.09.25"]

1. e4 d6 2. d4 Nf6 3. Nc3 e5 4. Nf3 Nbd7 5. a4 Be7 6. a5 O-O 7. a6 exd4 8. Nxd4
Nc5 9. Bd3 bxa6 10. Nc6 Qe8 11. Nxe7+ Qxe7 12. O-O Nxd3 13. cxd3 h6 14. f4 Rb8
15. Qf3 Bb7 16. Qg3 Rfe8 17. Be3 c5 18. Rae1 Kh7 19. Bc1 c4 20. dxc4 Nxe4 21.
Nxe4 Bxe4 22. f5 Qf6 23. Bd2 Rxb2 24. Bc3 Qxc3 25. Qxc3 Rxg2+ 26. Kh1 1/2-1/2

[Event "Druga liga CS - zapad 2014"]
[Site "Sabac"]
[Date "2014.09.26"]
[Round "2.2"]
[White "Baralic, Milan"]
[Black "Rajkovic, Mladen**"]
[Result "1-0"]
[WhiteElo "2146"]
[BlackElo "2150"]
[PlyCount "107"]
[EventDate "2014.09.25"]

1. Nf3 Nf6 2. d4 e6 3. a3 d5 4. Bg5 Be7 5. e3 h6 6. Bh4 Nbd7 7. c4 b6 8. Nc3
Bb7 9. cxd5 Nxd5 10. Bxe7 Qxe7 11. Rc1 Nxc3 12. Rxc3 c6 13. Be2 O-O 14. O-O c5
15. Qa4 Nf6 16. Rfc1 Ne4 17. R3c2 Rfc8 18. dxc5 Rxc5 19. Rxc5 Nxc5 20. Qf4 g5
21. Qg4 Ne4 22. Bd3 f5 23. Qh5 Qg7 24. Nd4 Nf6 25. Qe2 Bd5 26. Qc2 Nd7 27. Bb5
Nc5 28. b4 Ne4 29. Qc7 Rf8 30. f3 Qxc7 31. Rxc7 Nd6 32. Bd3 Rf7 33. Rxf7 Kxf7
34. Nb5 Nxb5 35. Bxb5 Ke7 36. Kf2 Kd6 37. Ke2 a5 38. g3 Bc6 39. Bc4 e5 40. f4
b5 41. Bf7 axb4 42. axb4 exf4 43. exf4 g4 44. Ke3 Bd5 45. Be8 Bc6 46. Bg6 Bd7
47. Kd4 Be6 48. Bh7 Bd7 49. Bg8 Be8 50. Bb3 Bg6 51. Bc2 Be8 52. Bxf5 h5 53. Bd3
Ke6 54. Kc5 1-0

[Event "Druga liga CS - zapad 2014"]
[Site "Sabac"]
[Date "2014.09.26"]
[Round "2.1"]
[White "Pecinar, Zoran"]
[Black "Kiproski, Branislav**"]
[Result "1-0"]
[WhiteElo "2177"]
[BlackElo "2207"]
[PlyCount "55"]
[EventDate "2014.09.25"]

1. c4 c5 2. Nc3 Nc6 3. Nf3 Nf6 4. g3 g6 5. Bg2 d6 6. O-O Bg7 7. Rb1 Bd7 8. a3
Qc8 9. Re1 Bh3 10. Bh1 h5 11. Ng5 h4 12. Nxh3 hxg3 13. hxg3 Qxh3 14. Bg2 Qh2+
15. Kf1 Rh5 16. e4 Nd4 17. Ne2 Nh7 18. d3 Ng5 19. Ng1 O-O-O 20. Be3 Rdh8 21. b4
Nh3 22. Nxh3 Rxh3 23. Bxd4 Bxd4 24. Qf3 e5 25. Ke2 cxb4 26. axb4 Bxf2 27. Rh1
Qxg3 28. Rxh3 1-0

[Event "Druga liga CS - zapad 2014"]
[Site "Sabac"]
[Date "2014.09.26"]
[Round "2.4"]
[White "Baralic, Nebojsa"]
[Black "Radovanovic, Mihajlo**"]
[Result "1/2-1/2"]
[WhiteElo "2267"]
[BlackElo "1964"]
[PlyCount "91"]
[EventDate "2014.09.25"]

1. d4 Nf6 2. Nf3 g6 3. c4 c5 4. Nc3 cxd4 5. Nxd4 Bg7 6. e4 d6 7. Be2 O-O 8. Be3
Nc6 9. Qd2 Bd7 10. O-O Nxd4 11. Bxd4 Bc6 12. f3 a5 13. Rfd1 Nd7 14. Rac1 Nc5
15. Bxg7 Kxg7 16. Qd4+ Kg8 17. e5 Qb6 18. Nd5 Bxd5 19. cxd5 Rac8 20. f4 Na4 21.
Rxc8 Rxc8 22. Qxb6 Nxb6 23. exd6 exd6 24. Rd2 Rc5 25. Bf3 Rc1+ 26. Kf2 a4 27.
Be2 Rc5 28. Bd1 Kf8 29. g3 Nc4 30. Rc2 Ke7 31. Re2+ Kd7 32. Bxa4+ b5 33. Bb3
Rxd5 34. a4 Rd3 35. Bc2 Rd4 36. axb5 Nb6 37. f5 Rd5 38. f6 Rxb5 39. Bd3 Re5 40.
g4 h6 41. h4 Ke6 42. Rxe5+ Kxe5 43. Kf3 Kxf6 44. Ke4 Ke6 45. Bc2 f5+ 46. gxf5+
1/2-1/2

[Event "Druga liga CS - zapad 2014"]
[Site "Sabac"]
[Date "2014.09.26"]
[Round "2.1"]
[White "Civric, Zdravko"]
[Black "Sevic, Slobodan"]
[Result "1-0"]
[WhiteElo "2211"]
[BlackElo "2178"]
[PlyCount "43"]
[EventDate "2014.09.25"]

1. e4 c5 2. Nf3 d6 3. d4 cxd4 4. Nxd4 Nf6 5. Nc3 g6 6. f3 Bg7 7. Be3 Nc6 8. Qd2
O-O 9. h4 Qa5 10. Nb3 Qd8 11. O-O-O Be6 12. Bh6 Ne5 13. Be2 Nc4 14. Bxc4 Bxc4
15. h5 Qc8 16. g4 a5 17. Bxg7 Kxg7 18. hxg6 fxg6 19. Qh6+ Kg8 20. g5 Nh5 21.
Rxh5 gxh5 22. g6 1-0

[Event "Druga liga CS - zapad 2014"]
[Site "Sabac"]
[Date "2014.09.26"]
[Round "2.6"]
[White "Puaca, Goran"]
[Black "Knezevic, Veljko**"]
[Result "1-0"]
[WhiteElo "2164"]
[BlackElo "1890"]
[PlyCount "79"]
[EventDate "2014.09.25"]

1. d4 d5 2. c4 c6 3. e3 Nf6 4. Nc3 e6 5. Nf3 Be7 6. Bd3 dxc4 7. Bxc4 b5 8. Be2
O-O 9. O-O Bb7 10. Qc2 Nbd7 11. Rd1 Qb6 12. e4 a6 13. Bg5 e5 14. h3 exd4 15.
Nxd4 Bc5 16. Be3 Bxd4 17. Bxd4 c5 18. Be3 Qe6 19. f3 Nh5 20. Nd5 Rac8 21. Bf2
Rfe8 22. Bf1 Ne5 23. Ne3 Qg6 24. Ng4 Nf4 25. Nxe5 Rxe5 26. Kh2 Ne6 27. Rac1 h5
28. Qc3 Qg5 29. Be3 Qf6 30. Rd6 g5 31. b3 Kg7 32. Qa1 g4 33. Be2 gxf3 34. gxf3
Rg8 35. f4 Kf8 36. Qxe5 Qh4 37. f5 Bxe4 38. Bh6+ Ke8 39. Rxe6+ fxe6 40. Qxe6+
1-0

[Event "Druga liga CS - zapad 2014"]
[Site "Sabac"]
[Date "2014.09.26"]
[Round "2.2"]
[White "Radovanovic, Jovica"]
[Black "Simic, Dragisa"]
[Result "1/2-1/2"]
[WhiteElo "2284"]
[BlackElo "2296"]
[PlyCount "76"]
[EventDate "2014.09.25"]

1. d4 Nf6 2. Nf3 g6 3. c4 Bg7 4. Nc3 O-O 5. e4 d6 6. Be2 e5 7. d5 a5 8. Bg5 h6
9. Bh4 Na6 10. Nd2 h5 11. h3 Qe8 12. g4 hxg4 13. hxg4 Nh7 14. g5 f6 15. gxf6
Bxf6 16. Nf3 Qe7 17. Qd2 Bg4 18. Bxf6 Rxf6 19. Nh4 Bxe2 20. Qxe2 Raf8 21. Qg4
Qf7 22. O-O-O Kh8 23. Rdg1 Rg8 24. Rh3 Nc5 25. Kb1 Nd7 26. Nf3 Ndf8 27. Ng5 Qe8
28. Rgh1 Rg7 29. Rh6 Kg8 30. Nd1 Rf4 31. Qg2 Nxg5 32. Rh8+ Kf7 33. Qxg5 Rxe4
34. Ne3 Qe7 35. Qg2 Rf4 36. c5 Qf6 37. c6 b6 38. Qh3 Ke8 {neèitko} 1/2-1/2

[Event "Druga liga CS - zapad 2014"]
[Site "Sabac"]
[Date "2014.09.26"]
[Round "2.3"]
[White "Biljanic, Ljubomir"]
[Black "Jesic, Dusan"]
[Result "0-1"]
[WhiteElo "2350"]
[BlackElo "2364"]
[PlyCount "56"]
[EventDate "2014.09.25"]

1. d4 Nf6 2. c4 g6 3. Nc3 Bg7 4. e4 d6 5. Be2 O-O 6. Nf3 e5 7. d5 Na6 8. O-O
Nc5 9. Bg5 h6 10. Bxf6 Qxf6 11. Ne1 h5 12. b4 Nd7 13. Nd3 Qe7 14. Rc1 a6 15. c5
dxc5 16. bxc5 Nxc5 17. Nxc5 Qxc5 18. Nb5 Qb6 19. Nxc7 Rb8 20. Rc4 Qd6 21. Qc2
Bd7 22. a4 b5 23. axb5 axb5 24. Rc6 Bxc6 25. Qxc6 Qa3 26. Nxb5 Qb2 27. Qc4 Rfc8
28. Qd3 Rc2 0-1

[Event "Druga liga CS - zapad 2014"]
[Site "Sabac"]
[Date "2014.09.26"]
[Round "2.4"]
[White "Begus, Drasko"]
[Black "Djosic, Slavoljub"]
[Result "0-1"]
[WhiteElo "2327"]
[BlackElo "2240"]
[PlyCount "95"]
[EventDate "2014.09.25"]

1. d4 d6 2. g3 Nd7 3. e4 g6 4. Bg2 Bg7 5. Ne2 e5 6. Be3 Ngf6 7. h3 exd4 8. Bxd4
O-O 9. O-O Re8 10. Nbc3 Ne5 11. f4 Nc6 12. Bf2 Bd7 13. Qd2 b5 14. a3 a5 15. e5
dxe5 16. Rad1 exf4 17. Nxf4 Ne5 18. b3 Qc8 19. Rfe1 Ra6 20. a4 Rd6 21. Qc1 bxa4
22. bxa4 Bc6 23. Ncd5 Nxd5 24. Nxd5 Bxd5 25. Rxd5 Rxd5 26. Bxd5 Qxh3 27. Qf4
Qd7 28. Bg2 Re6 29. Qe4 h5 30. Qa8+ Kh7 31. Qxa5 Ng4 32. Rxe6 fxe6 33. Qb5 Qd1+
34. Bf1 Qxc2 35. Qe2 Qxa4 36. Qxe6 Qc2 37. Be2 Ne5 38. Qa6 Qe4 39. Qa2 Nf3+ 40.
Kf1 Ng5 41. Qd2 Qh1+ 42. Bg1 Qh3+ 43. Ke1 Qxg3+ 44. Bf2 Qxf2+ 45. Kxf2 Ne4+ 46.
Ke1 Nxd2 47. Kxd2 Kh6 48. Ke3 0-1

[Event "Druga liga CS - zapad 2014"]
[Site "Sabac"]
[Date "2014.09.26"]
[Round "2.2"]
[White "Dikic, Veljko**"]
[Black "Misojcic, Miroslav"]
[Result "1-0"]
[WhiteElo "1980"]
[BlackElo "2243"]
[PlyCount "57"]
[EventDate "2014.09.25"]

1. e4 c5 2. Nc3 e6 3. g3 d5 4. d3 d4 5. Nce2 e5 6. f4 Nc6 7. Nf3 Bd6 8. Bg2
Nge7 9. O-O O-O 10. f5 f6 11. h4 g6 12. Bh6 Rf7 13. g4 gxf5 14. gxf5 Kh8 15.
Bh3 Ng8 16. Bd2 Rg7+ 17. Kh2 Qe7 18. h5 Bd7 19. h6 Rf7 20. Nh4 Qf8 21. Ng6+
hxg6 22. fxg6 Bxh3 23. g7+ Rxg7 24. hxg7+ Kxg7 25. Kxh3 Nce7 26. Ng3 Kf7 27.
Qh5+ Ke6 28. Qg4+ Kf7 29. Rxf6+ 1-0

[Event "Druga liga CS - zapad 2014"]
[Site "Sabac"]
[Date "2014.09.26"]
[Round "2.6"]
[White "Urosevic, Zoran"]
[Black "Kuzmanovic, Aleksa**"]
[Result "1-0"]
[WhiteElo "2226"]
[BlackElo "1813"]
[PlyCount "143"]
[EventDate "2014.09.25"]

1. e4 c5 2. Nc3 Nc6 3. Nf3 e6 4. d4 cxd4 5. Nxd4 a6 6. Be2 Qc7 7. O-O Nf6 8.
Nxc6 bxc6 9. Be3 d5 10. exd5 cxd5 11. Na4 Rb8 12. c4 Bd7 13. Rc1 Qa5 14. b3
Bxa4 15. bxa4 Ba3 16. Rb1 O-O 17. Rb3 Bb4 18. a3 Bd6 19. cxd5 Nxd5 20. Bd2 Qc7
21. g3 Qc6 22. a5 Rfc8 23. Qb1 Rxb3 24. Qxb3 Qc2 25. Qd3 Bxa3 26. Qxa6 Nb4 27.
Bxb4 Bxb4 28. Ra1 g6 29. Qb7 Qc3 30. Kg2 Bxa5 31. Rxa5 Qxa5 32. Qxc8+ Kg7 33.
Qc4 Qa8+ 34. Bf3 Qa5 35. Qd4+ Kg8 36. Qf6 Qb6 37. h4 h5 38. Be4 Qc5 39. Kg1
Qc1+ 40. Kh2 Qc5 41. Kg2 Qa5 42. Bf3 Qb4 43. Qg5 Kh7 44. Qf4 Qe7 45. Qe5 Qb4
46. Qe4 Qc5 47. g4 hxg4 48. Qxg4 Kh6 49. Qf4+ Kg7 50. Qg5 Qc2 51. h5 Qc7 52.
hxg6 fxg6 53. Be4 Qf7 54. Qe5+ Kh6 55. Bf3 Qf5 56. Qxf5 gxf5 57. Kg3 Kg5 58.
Bc6 e5 59. Kf3 Kh4 60. Bd7 Kg5 61. Ke3 Kg4 62. Bb5 Kh4 63. Bf1 Kg4 64. Bg2 Kg5
65. Bh3 e4 66. Bg2 Kg4 67. Bf1 Kg5 68. Be2 Kf6 69. Kf4 Ke6 70. Bc4+ Kf6 71. Bd5
Kg6 72. Be6 1-0

[Event "Druga liga CS - zapad 2014"]
[Site "Sabac"]
[Date "2014.09.26"]
[Round "2.2"]
[White "Rajevic, Gavrilo"]
[Black "Dragojevic, Marija*"]
[Result "1-0"]
[WhiteElo "2268"]
[BlackElo "1915"]
[PlyCount "43"]
[EventDate "2014.09.25"]

1. e4 c5 2. Nf3 e6 3. d4 cxd4 4. Nxd4 a6 5. Nc3 Nc6 6. Be3 Nf6 7. Bd3 Qc7 8.
O-O Be7 9. f4 e5 10. Nf5 Bf8 11. Nd5 Nxd5 12. exd5 Nb4 13. fxe5 Nxd5 14. Bd4
Bc5 15. Be4 Ne7 16. Nd6+ Bxd6 17. exd6 Qxd6 18. Bxg7 Qxd1 19. Raxd1 Rg8 20. Bf6
Ng6 21. Rde1 Kf8 22. Bd5 1-0

[Event "Druga liga CS - zapad 2014"]
[Site "Sabac"]
[Date "2014.09.26"]
[Round "2.8"]
[White "Bojicic, Andjela**"]
[Black "Adzic, Momcilo"]
[Result "0-1"]
[WhiteElo "1811"]
[BlackElo "2253"]
[PlyCount "159"]
[EventDate "2014.09.25"]

1. d4 d5 2. c4 e6 3. cxd5 exd5 4. Nc3 Nf6 5. Bg5 Be7 6. e3 Nbd7 7. Bd3 O-O 8.
Nf3 c6 9. O-O Re8 10. Rb1 a5 11. a3 Nf8 12. h3 Ng6 13. b4 axb4 14. axb4 b5 15.
Qb3 Be6 16. Ne2 Ra4 17. Bxf6 Bxf6 18. Qc3 Qd6 19. Rfc1 Bd7 20. Bc2 Ra6 21. Ra1
Rea8 22. Rxa6 Rxa6 23. Nd2 Be7 24. Rb1 Nf8 25. e4 g6 26. Nc1 Be8 27. Nd3 Nd7
28. Nc5 Ra7 29. Ra1 Qb8 30. Rxa7 Qxa7 31. exd5 cxd5 32. Nxd7 Bxd7 33. Nb3 Bd6
34. Nc5 Bc6 35. Bd3 Qe7 36. Qd2 Qf6 37. Be2 Qf4 38. Qxf4 Bxf4 39. Kf1 Bd2 40.
Na6 Bc3 41. Nc7 Bxb4 42. Nxb5 Ba5 43. Bd3 Kf8 44. Ke2 Ke7 45. Na3 Bb4 46. Nc2
Bd6 47. Ke3 Kd7 48. g4 Be7 49. f4 h6 50. Kf3 Ke6 51. Ke3 Kf6 52. Ne1 Ba3 53.
Kf3 Bb2 54. Ke3 Bc1+ 55. Kf3 Bd2 56. Nc2 Bd7 57. Be2 Ke6 58. Bd3 Kd6 59. Na3
Ba4 60. Nc2 Kc6 61. f5 g5 62. Ke2 Bc3 63. Ke3 f6 64. Na3 Kb6 65. Nb1 Bb4 66.
Be2 Ka5 67. Bf3 Bb3 68. Nd2 Ba2 69. Kd3 Ka4 70. Bd1+ Ka3 71. Be2 Kb2 72. Bd1
Ka3 73. Be2 Bd6 74. Bd1 Bf4 75. Bf3 Kb4 76. Be2 Ka3 77. Bf3 Kb2 78. Bd1 Bc7 79.
Ba4 Ba5 80. Bd1 0-1

[Event "Druga liga CS - zapad 2014"]
[Site "Sabac"]
[Date "2014.09.26"]
[Round "2.1"]
[White "Bozovic, Nikola"]
[Black "Marjanovic, Dejan**"]
[Result "1/2-1/2"]
[WhiteElo "2289"]
[BlackElo "2369"]
[PlyCount "106"]
[EventDate "2014.09.25"]

1. d4 d5 2. Nf3 Nf6 3. e3 g6 4. Ne5 Bg7 5. Bd3 O-O 6. O-O c5 7. c3 b6 8. f4 Ba6
9. Bxa6 Nxa6 10. Bd2 Ne4 11. Be1 f6 12. Nf3 f5 13. Nbd2 Nxd2 14. Bxd2 Nc7 15.
Kh1 e6 16. Rg1 Ne8 17. Be1 Nd6 18. g4 Qd7 19. Rc1 Nc4 20. Qe2 fxg4 21. Ne5 Bxe5
22. dxe5 b5 23. b3 Nb6 24. Rxg4 c4 25. Bh4 Qf7 26. Rg5 Nd7 27. Rcg1 Kh8 28.
bxc4 bxc4 29. Qd1 Rg8 30. Qd4 h6 31. R5g2 Qf5 32. e4 Qxe4 33. Qxe4 dxe4 34.
Rxg6 Rxg6 35. Rxg6 Kh7 36. Rxe6 Nc5 37. Rc6 Nd3 38. Rxc4 Nxf4 39. Rxe4 Ne6 40.
Ra4 a6 41. Kg2 Kg6 42. Kf3 Kf5 43. Bg3 Rc8 44. Rxa6 Rxc3+ 45. Ke2 h5 46. Kd2
Rc4 47. Ra8 h4 48. Bf2 Kxe5 49. a4 Rg4 50. a5 Rg2 51. Ke3 Rxh2 52. a6 Rh3+ 53.
Ke2 Nc7 1/2-1/2

[Event "Druga liga CS - zapad 2014"]
[Site "Sabac"]
[Date "2014.09.26"]
[Round "2.2"]
[White "Misic, Dragan"]
[Black "Lukic, Predrag"]
[Result "1/2-1/2"]
[WhiteElo "2269"]
[BlackElo "2241"]
[PlyCount "111"]
[EventDate "2014.09.25"]

1. d4 Nf6 2. Nf3 g6 3. g3 Bg7 4. Bg2 O-O 5. O-O d6 6. b3 c6 7. Bb2 Nbd7 8. Nbd2
Re8 9. e4 e5 10. dxe5 dxe5 11. Qe2 Qc7 12. Rfd1 b6 13. h3 Bb7 14. a4 a5 15. Qe3
Ba6 16. Bf1 Bxf1 17. Kxf1 Nc5 18. c3 Nfd7 19. Kg2 b5 20. Ba3 Bf8 21. Ne1 Red8
22. Nc2 Rdb8 23. Ne1 bxa4 24. bxa4 Nb3 25. Nxb3 Rxb3 26. Bxf8 Nxf8 27. Qc5 Ne6
28. Qc4 Rab8 29. Nd3 c5 30. Rd2 h5 31. h4 Kg7 32. Rc1 Ra3 33. Rb2 Rxb2 34. Nxb2
Qb7 35. Rc2 Ra1 36. Nd3 Qb1 37. Rc1 Qa2 38. Qxa2 Rxa2 39. Nxe5 Rxa4 40. Kf3 f5
41. exf5 gxf5 42. Rd1 Ra3 43. Rd3 a4 44. Nc4 Ra1 45. Rd7+ Kf6 46. Ra7 Rc1 47.
Rxa4 Rxc3+ 48. Ne3 Rc1 49. Ke2 Rb1 50. Ra2 f4 51. gxf4 Nxf4+ 52. Kf3 Ne6 53.
Ra6 Kf7 54. Nf5 Rb3+ 55. Ke4 Rb6 56. Kd5 1/2-1/2

[Event "Druga liga CS - zapad 2014"]
[Site "Sabac"]
[Date "2014.09.26"]
[Round "2.3"]
[White "Tomic, Miroslav Lj"]
[Black "Zivkovic, Dejan*"]
[Result "1-0"]
[WhiteElo "2176"]
[BlackElo "2263"]
[PlyCount "92"]
[EventDate "2014.09.25"]

1. d4 Nf6 2. Nf3 d5 3. c4 e6 4. Nc3 c6 5. Bg5 Nbd7 6. e3 Qa5 7. Bxf6 Nxf6 8.
Bd3 dxc4 9. Bxc4 b5 10. Bd3 Nd5 11. O-O Nxc3 12. bxc3 Bb7 13. c4 bxc4 14. Bxc4
Bd6 15. e4 O-O 16. e5 Bb4 17. Qb3 Rab8 18. Rab1 Ba6 19. Rfc1 Rb6 20. Bxa6 Bd2
21. Rc2 Rxb3 22. Rxb3 Qxa6 23. Rxd2 Qc4 24. h3 c5 25. dxc5 Qc1+ 26. Kh2 Qxc5
27. Rbd3 h6 28. Rd8 Rxd8 29. Rxd8+ Kh7 30. Rd2 a5 31. Rd4 Qc2 32. Rd2 Qc4 33.
g3 a4 34. Kg2 Qc6 35. Rd6 Qb7 36. Rd4 Qb5 37. h4 f5 38. exf6 gxf6 39. g4 e5 40.
Rd6 Qc4 41. Rxf6 Qxg4+ 42. Kf1 Kg7 43. Rf7+ Kg8 44. Nxe5 Qe4 45. Kg1 Qxe5 46.
Rf3 Qd5 1-0

[Event "Druga liga CS - zapad 2014"]
[Site "Sabac"]
[Date "2014.09.26"]
[Round "2.3"]
[White "Ignjatovic, Predrag"]
[Black "Bajevic, Branko"]
[Result "1/2-1/2"]
[WhiteElo "2286"]
[BlackElo "2147"]
[PlyCount "34"]
[EventDate "2014.09.25"]

1. e4 c6 2. d4 d5 3. Nd2 dxe4 4. Nxe4 Nd7 5. Nf3 Ngf6 6. Ng3 e6 7. Bd3 Be7 8.
Qe2 c5 9. Bd2 O-O 10. c3 Qc7 11. O-O b6 12. Ne5 Bb7 13. Rad1 Rac8 14. Rfe1 cxd4
15. cxd4 Qd6 16. a3 a5 17. Kf1 Qxd4 1/2-1/2

[Event "Druga liga CS - zapad 2014"]
[Site "Sabac"]
[Date "2014.09.26"]
[Round "2.3"]
[White "Milovanovic, Nebojsa"]
[Black "Savic, Dragan"]
[Result "1/2-1/2"]
[WhiteElo "2151"]
[BlackElo "2109"]
[PlyCount "84"]
[EventDate "2014.09.25"]

1. Nf3 e6 2. d4 d5 3. e3 Nf6 4. Bd3 Bd6 5. O-O O-O 6. b3 Nbd7 7. Nbd2 e5 8.
dxe5 Nxe5 9. Be2 Re8 10. Bb2 Qe7 11. Nxe5 Bxe5 12. Bxe5 Qxe5 13. Nf3 Qe7 14. c4
dxc4 15. bxc4 c5 16. a4 Ne4 17. Qc2 Bg4 18. Rfd1 Rad8 19. Qb2 h6 20. h3 Bc8 21.
Rd5 Be6 22. Re5 Ng5 23. Nxg5 hxg5 24. Bg4 Qf6 25. Rb1 b6 26. Bxe6 Rxe6 27. Rd5
Rxd5 28. cxd5 Qxb2 29. Rxb2 Re5 30. a5 bxa5 31. Rb8+ Kh7 32. Rb5 Rxd5 33. Rxa5
Rd7 34. Rxc5 f6 35. Rc6 Kg6 36. g4 Kf7 37. Kg2 Ke7 38. f4 gxf4 39. exf4 Rb7 40.
Kg3 g6 41. Kh4 Kf7 42. Ra6 Kg7 1/2-1/2

[Event "Druga liga CS - zapad 2014"]
[Site "Sabac"]
[Date "2014.09.26"]
[Round "2.3"]
[White "Nenadovic, Ljubisa"]
[Black "Lazic, Miodrag"]
[Result "0-1"]
[WhiteElo "2190"]
[BlackElo "2040"]
[PlyCount "96"]
[EventDate "2014.09.25"]

1. d4 Nf6 2. c4 g6 3. Nc3 d5 4. Bf4 Bg7 5. e3 O-O 6. Rc1 dxc4 7. Bxc4 c5 8. d5
a6 9. a4 Qa5 10. Qb3 Ne4 11. Nge2 Nd7 12. O-O Nd2 13. Qa2 Nxf1 14. Kxf1 Ne5 15.
Bxe5 Bxe5 16. Qb3 Qb4 17. f4 Bg7 18. e4 Bd7 19. e5 Qxb3 20. Bxb3 b5 21. Ne4 c4
22. Ba2 Bf5 23. N2g3 Bh6 24. Nxf5 gxf5 25. Ng5 Bxg5 26. fxg5 Rfd8 27. Rd1 Ra7
28. b3 Rc7 29. axb5 axb5 30. bxc4 bxc4 31. Rd4 c3 32. Rd1 Kg7 33. h4 Kg6 34. g3
f4 35. g4 h6 36. gxh6 Kxh6 37. Kf2 Rb7 38. Kf3 Rb2 39. Bc4 Rc8 40. Bd3 c2 41.
Rc1 Rc3 42. Ke2 f3+ 43. Kd2 Rc5 44. Be4 f2 45. Bg2 Rb1 46. d6 exd6 47. exd6
Rxc1 48. Kxc1 Rd5 0-1

[Event "Druga liga CS - zapad 2014"]
[Site "Sabac"]
[Date "2014.09.26"]
[Round "2.7"]
[White "Leontic, Ivica*"]
[Black "Marjanovic, Ivan D**"]
[Result "1/2-1/2"]
[WhiteElo "2047"]
[BlackElo "1749"]
[PlyCount "77"]
[EventDate "2014.09.25"]

1. d4 d5 2. c4 e6 3. Nc3 Nf6 4. Bg5 Nbd7 5. cxd5 exd5 6. e3 c6 7. Bd3 Be7 8.
Nge2 O-O 9. O-O Re8 10. Rc1 Ne4 11. Bxe7 Qxe7 12. Nxe4 dxe4 13. Bc4 Nb6 14. Bb3
Be6 15. Nf4 Bd5 16. Nxd5 Nxd5 17. Bxd5 cxd5 18. Rc5 Qd7 19. Qb3 Red8 20. Rfc1
Rac8 21. Qc3 Rxc5 22. Qxc5 b6 23. Qc3 f6 24. h3 Kf7 25. a3 Ke7 26. Qb4+ Ke6 27.
Qc3 Qb7 28. f3 f5 29. Kf2 Kd7 30. Qc2 Re8 31. Qa4+ Ke7 32. Rc6 Rd8 33. Qb4+ Kf7
34. Qc3 Rd7 35. b4 Re7 36. b5 Rd7 37. a4 Re7 38. Qc2 Rd7 39. Qc3 1/2-1/2

[Event "Druga liga CS - zapad 2014"]
[Site "Sabac"]
[Date "2014.09.26"]
[Round "2.4"]
[White "Pikula, Dejan"]
[Black "Bojovic, Dusan*"]
[Result "1-0"]
[WhiteElo "2458"]
[BlackElo "2294"]
[PlyCount "63"]
[EventDate "2014.09.25"]

1. e4 c5 2. Nf3 e6 3. d3 Nc6 4. g3 d6 5. Bg2 Be7 6. O-O Nf6 7. Re1 Qc7 8. c3
O-O 9. a3 b6 10. d4 cxd4 11. cxd4 d5 12. e5 Nd7 13. Nc3 Ba6 14. Ng5 h6 15. Nh3
Kh7 16. Bf4 Rac8 17. Rc1 Qb7 18. b4 Bc4 19. Ne4 g6 20. Rxc4 dxc4 21. b5 Ndb8
22. bxc6 Nxc6 23. Qc1 h5 24. Bg5 Qd7 25. Bxe7 Qxe7 26. Nf6+ Kg7 27. Nf4 Rh8 28.
d5 exd5 29. N6xd5 Qc5 30. e6 Rce8 31. Re4 b5 32. Qc3+ 1-0

[Event "Druga liga CS - zapad 2014"]
[Site "Sabac"]
[Date "2014.09.26"]
[Round "2.4"]
[White "Toth, Aleksandar*"]
[Black "Brkljaca, Ante"]
[Result "1-0"]
[WhiteElo "2326"]
[BlackElo "2315"]
[PlyCount "69"]
[EventDate "2014.09.25"]

1. e4 c5 2. Nf3 d6 3. c3 Nf6 4. h3 g6 5. Bd3 Bg7 6. Bc2 O-O 7. O-O Nc6 8. Re1
e5 9. d3 h6 10. a3 Nh7 11. b4 f5 12. Nbd2 f4 13. b5 Ne7 14. d4 exd4 15. cxd4
cxd4 16. Bb2 d3 17. Bb3+ d5 18. exd5 Nxd5 19. Nc4 Bf5 20. Nce5 Kh8 21. Nd4 Ne7
22. Be6 Ng5 23. Bxf5 gxf5 24. Qxd3 Qd5 25. h4 Ne4 26. Nef3 Rad8 27. Rad1 Qf7
28. Qc2 Rc8 29. Qa4 Rg8 30. b6 axb6 31. Qd7 Rcd8 32. Qxb7 Rb8 33. Qc7 Qg6 34.
h5 Qxg2+ 35. Kxg2 1-0

[Event "Druga liga CS - zapad 2014"]
[Site "Sabac"]
[Date "2014.09.26"]
[Round "2.4"]
[White "Sorgic, Dragan"]
[Black "Krstic, Petar*"]
[Result "0-1"]
[WhiteElo "2255"]
[BlackElo "2326"]
[PlyCount "105"]
[EventDate "2014.09.25"]

1. e4 d6 2. d4 Nf6 3. Nc3 e5 4. Nf3 Nbd7 5. Bc4 Be7 6. O-O O-O 7. Re1 c6 8. a4
exd4 9. Nxd4 Nb6 10. Be2 d5 11. a5 Nbd7 12. exd5 cxd5 13. Bf3 Bb4 14. Bd2 Nc5
15. Nce2 Bxd2 16. Qxd2 Nce4 17. Qb4 Ng5 18. Ng3 Nxf3+ 19. Nxf3 Qc7 20. Nd4 Bd7
21. c3 Rfe8 22. Ndf5 Re6 23. Nd4 Rxe1+ 24. Rxe1 Re8 25. Rxe8+ Bxe8 26. Ngf5 g6
27. Ne3 h5 28. Nb3 b6 29. Qd4 Qc6 30. axb6 axb6 31. Qe5 Qe6 32. f4 Nd7 33. Qxe6
fxe6 34. Nd4 Kf7 35. Kf2 Nc5 36. Nd1 Ba4 37. Ke2 Bxd1+ 38. Kxd1 Nd3 39. g3
Nxb2+ 40. Kc2 Nc4 41. Kd3 Kf6 42. Ne2 Ke7 43. Nd4 e5 44. fxe5 Nxe5+ 45. Ke2 Ng4
46. h4 Nf6 47. Ke3 Ne4 48. Ne2 Kd6 49. Kd4 Nc5 50. Nc1 b5 51. Ne2 Ne6+ 52. Ke3
Ke5 53. Nc1 0-1

[Event "Druga liga CS - zapad 2014"]
[Site "Sabac"]
[Date "2014.09.26"]
[Round "2.4"]
[White "Djordjev, Bojan*"]
[Black "Nikolic, Dragovan"]
[Result "0-1"]
[WhiteElo "2133"]
[BlackElo "2258"]
[PlyCount "144"]
[EventDate "2014.09.25"]

1. Nf3 c5 2. g3 g6 3. Bg2 Bg7 4. d4 cxd4 5. Nxd4 Nc6 6. Nxc6 bxc6 7. c3 Nf6 8.
O-O O-O 9. e4 Qc7 10. Qc2 d6 11. Re1 a5 12. h3 a4 13. Be3 Nd7 14. Na3 Nb6 15.
Rad1 Be6 16. c4 Nd7 17. f4 Nc5 18. Qf2 Rab8 19. Bd4 Bxd4 20. Qxd4 Qb6 21. Rd2
Na6 22. Qxb6 Rxb6 23. f5 Bc8 24. g4 f6 25. Nb1 Nc5 26. fxg6 hxg6 27. g5 Nd7 28.
gxf6 Rxf6 29. Nc3 Ra6 30. Re3 Ne5 31. b3 axb3 32. axb3 Be6 33. Ra2 Rxa2 34.
Nxa2 c5 35. Nc3 Rf8 36. h4 Rf4 37. Nd5 Bxd5 38. cxd5 Rxh4 39. b4 cxb4 40. Rb3
Nd7 41. Rxb4 Nc5 42. Rb2 Kg7 43. Rf2 Nd3 44. Ra2 Kf6 45. Ra8 Nc5 46. Rf8+ Kg7
47. Rf2 Nd3 48. Ra2 Kf6 49. Ra8 Kf7 50. Ra3 Nc5 51. Rf3+ Kg7 52. Rf2 g5 53. Re2
Kf6 54. e5+ dxe5 55. Rc2 Ne4 56. Re2 Nd6 57. Kf2 e4 58. Kg3 Ke5 59. Re1 Nf5+
60. Kf2 Kxd5 61. Ra1 Ke5 62. Ra8 Kf4 63. Ra4 Nd6 64. Ra7 e5 65. Rd7 e3+ 66. Kf1
Nf5 67. Rf7 Kg3 68. Bd5 Rf4+ 69. Ke1 Nd4 70. Rc7 e2 71. Rc3+ Kh2 72. Kd2 Rf1
0-1

[Event "Druga liga CS - zapad 2014"]
[Site "Sabac"]
[Date "2014.09.26"]
[Round "2.4"]
[White "Cirakovic, Ivan"]
[Black "Jovanovic, Miroslav O*"]
[Result "0-1"]
[WhiteElo "2179"]
[BlackElo "2066"]
[PlyCount "107"]
[EventDate "2014.09.25"]

1. e4 c5 2. Nc3 Nc6 3. g3 g6 4. Bg2 Bg7 5. f4 d6 6. Nf3 e6 7. O-O Nge7 8. d3
O-O 9. Be3 Rb8 10. d4 b6 11. Qd2 a6 12. Rad1 Qc7 13. b3 Bb7 14. Ne2 Rbd8 15. c4
cxd4 16. Nfxd4 Bc8 17. Rc1 Nb8 18. Nc3 Nd7 19. Rfd1 Rfe8 20. Qf2 Bb7 21. Bh3
Nc5 22. Bg2 Ba8 23. b4 Nd7 24. a3 Rb8 25. Qd2 Nf6 26. h3 Red8 27. g4 h6 28. Rf1
Qd7 29. f5 e5 30. Nde2 g5 31. Rfd1 b5 32. Qa2 Qb7 33. Nd5 Nfxd5 34. cxd5 f6 35.
Rc3 Rdc8 36. Rc6 Nxc6 37. dxc6+ Qf7 38. Qd2 Rxc6 39. h4 Rbc8 40. hxg5 hxg5 41.
Ng3 Bf8 42. Bf1 Rc2 43. Qe1 Qb3 44. Bd3 Ra2 45. Bb1 Rxa3 46. Rd3 Rc3 47. Ba2
Qxa2 48. Rxc3 Rxc3 49. Qxc3 Bxe4 50. Bd2 Bd5 51. Nh5 Be7 52. Qc8+ Kf7 53. Qh8
Qxd2 54. Qg7+ 0-1

[Event "Druga liga CS - zapad 2014"]
[Site "Sabac"]
[Date "2014.09.26"]
[Round "2.4"]
[White "Jovanovic, Obrad"]
[Black "Vojinovic, Luka**"]
[Result "1-0"]
[WhiteElo "2128"]
[BlackElo "2047"]
[PlyCount "87"]
[EventDate "2014.09.25"]

1. e4 c5 2. Nf3 Nc6 3. g3 g6 4. Bg2 Bg7 5. d3 d6 6. O-O Nf6 7. c3 O-O 8. Nbd2
Rb8 9. Re1 Nd7 10. Nc4 b5 11. Ne3 b4 12. d4 Qa5 13. d5 Nce5 14. Nxe5 Nxe5 15.
c4 b3 16. a3 Nd3 17. Re2 Nxc1 18. Rxc1 Bd4 19. Qd3 Qd8 20. h3 e6 21. Kh2 Qf6
22. Rb1 Bd7 23. f4 a5 24. Qd2 a4 25. Ng4 Qg7 26. e5 Rbd8 27. Nf6+ Kh8 28. Rbe1
exd5 29. cxd5 Bb5 30. Re4 dxe5 31. fxe5 Bxe5 32. Nh5 Bc3 33. bxc3 gxh5 34. c4
Bd7 35. Re5 Rfe8 36. Rxe8+ Rxe8 37. Rxe8+ Bxe8 38. Qe2 Bd7 39. Qe7 b2 40. Qd8+
Qg8 41. Qb6 Qg6 42. Qxb2+ Kg8 43. Qb8+ Kg7 44. Qe5+ 1-0